[Event "Wch FIDE Online U18 Girls Europe qual"]
[Site "Tornelo INT"]
[Date "2020.12.07"]
[Round "2"]
[White "Bitkova, Jelizaveta"]
[Black "Nemcova, Karin"]
[Result "0-1"]
[WhiteElo "1415"]
[BlackElo "1697"]
[PlyCount "78"]
[EventDate "2020.12.07"]
[EventType "swiss (rapid)"]
[EventRounds "7"]
[EventCountry "ISS"]
[SourceTitle "EXT 2022"]
[Source "ChessBase"]
[SourceDate "2021.10.06"]
[SourceVersion "1"]
[SourceVersionDate "2021.10.06"]
[SourceQuality "1"]

1. c4 c5 2. Nc3 Nc6 3. g3 g6 4. Bg2 Bg7 5. d3 e5 6. e4 Nge7 7. Nge2 0-0 8. 0-0 d6 9. a3 a5 10. Rb1 Be6 11. Be3 f5 12. f4 fxe4 13. Nxe4 Nf5 14. Bf2 Qe7 15. N4c3 Rae8 16. Nd5 Qd8 17. Qd2 Bh6 18. Qc2 Kh8 19. Qc3 Bg7 20. Qb3 Rf7 21. Qc2 Rff8 22. Qb3 Bc8 23. Qb6 Qd7 24. Qb3 exf4 25. Nexf4 Ncd4 26. Bxd4 Nxd4 27. Qd1 b5 28. cxb5 Nxb5 29. b4 Nxa3 30. Ra1 axb4 31. Ra2 Qg4 32. Qxg4 Bxg4 33. Be4 Bd4+ 34. Kg2 g5 35. h3 Bc8 36. Ne2 Bxh3+ 37. Kh2 Bxf1 38. Nxd4 cxd4 39. Rb2 Rb8 0-1

[Event "EU-ch U16 Girls 28th"]
[Site "Riga"]
[Date "2018.08.23"]
[Round "4"]
[White "Bitkova, Jelizaveta"]
[Black "Sibajeva, Marija"]
[Result "0-1"]
[WhiteElo "1547"]
[BlackElo "1941"]
[PlyCount "60"]
[EventDate "2018.08.20"]
[EventType "swiss"]
[EventRounds "9"]
[EventCountry "LAT"]
[SourceTitle "CBM 186 Extra"]
[Source "ChessBase"]
[SourceDate "2018.08.24"]
[SourceVersion "1"]
[SourceVersionDate "2018.08.24"]
[SourceQuality "1"]

1. c4 c5 2. Nc3 g6 3. g3 Bg7 4. Bg2 Nc6 5. Nf3 e5 6. e4 d6 7. d3 Nge7 8. 0-0 a6 9. a3 Rb8 10. Rb1 b5 11. b3 b4 12. Nd5 bxa3 13. Bxa3 Qa5 14. Nxe7 Nxe7 15. Bc1 Nc6 16. Bd2 Qb6 17. Bc3 0-0 18. Ne1 a5 19. Nc2 Rb7 20. Ne3 Be6 21. Rb2 Rfb8 22. Qd2 Qd8 23. Rfb1 Bh6 24. Qe2 Qd7 25. h4 Ra7 26. f3 Bxe3+ 27. Qxe3 Nd4 28. Bxd4 exd4 29. Qd2 Rb4 30. Bf1 Rab7 0-1

[Event "EU-ch U16 Girls 28th"]
[Site "Riga"]
[Date "2018.08.21"]
[Round "2"]
[White "Bitkova, Jelizaveta"]
[Black "Nestorovic, Katarina"]
[Result "1/2-1/2"]
[WhiteElo "1547"]
[BlackElo "1995"]
[PlyCount "102"]
[EventDate "2018.08.20"]
[EventType "swiss"]
[EventRounds "9"]
[EventCountry "LAT"]
[SourceTitle "CBM 186 Extra"]
[Source "ChessBase"]
[SourceDate "2018.08.24"]
[SourceVersion "1"]
[SourceVersionDate "2018.08.24"]
[SourceQuality "1"]

1. c4 e5 2. Nc3 Nf6 3. g3 d5 4. cxd5 Nxd5 5. Bg2 Nb6 6. Nf3 Nc6 7. d3 Be7 8. 0-0 0-0 9. a3 Re8 10. b4 a6 11. Bb2 Bf8 12. Qc2 Bg4 13. e3 Qd7 14. Ne4 Rad8 15. d4 exd4 16. Nxd4 Nxd4 17. Bxd4 Bf5 18. f3 Nd5 19. Qb2 b6 20. Rac1 Qa4 21. Nc3 Nxc3 22. Qxc3 Rc8 23. f4 c5 24. bxc5 bxc5 25. Be5 f6 26. Bxf6 gxf6 27. Qxf6 Be4 28. Bh3 Rc6 29. Bd7 Rxf6 30. Bxa4 Bc6 31. Bb3+ Kg7 32. Kf2 a5 33. g4 Rb8 34. Rb1 Rd6 35. Bc4 Rd2+ 36. Be2 Rbb2 37. Rxb2 Rxb2 38. Re1 Bb5 39. Kf3 Bxe2+ 40. Rxe2 Rxe2 41. Kxe2 Kf7 42. Kd3 Ke6 43. Kc4 Bd6 44. h4 Be7 45. h5 h6 46. e4 Bd6 47. g5 Bxf4 48. gxh6 Bxh6 49. Kxc5 Bd2 50. Kc6 Ke5 51. Kb5 Kxe4 1/2-1/2

[Event "EU-ch U14 Girls 27th"]
[Site "Mamaia"]
[Date "2017.09.05"]
[Round "1"]
[White "Norlamo, Sarabella"]
[Black "Bitkova, Jelizaveta"]
[Result "1/2-1/2"]
[WhiteElo "1807"]
[BlackElo "1512"]
[PlyCount "38"]
[EventDate "2017.09.05"]
[EventType "swiss"]
[EventRounds "9"]
[EventCountry "ROU"]
[SourceTitle "CBM 180 Extra"]
[Source "ChessBase"]
[SourceDate "2017.10.06"]
[SourceVersion "1"]
[SourceVersionDate "2017.10.06"]
[SourceQuality "1"]

1. d4 Nf6 2. Nf3 d5 3. e3 c6 4. Bd3 Bg4 5. Nbd2 e6 6. h3 Bxf3 7. Nxf3 Nbd7 8. c4 Qa5+ 9. Bd2 Bb4 10. 0-0 dxc4 11. Bxc4 Ne4 12. Bxb4 Qxb4 13. Qb3 Qxb3 14. Bxb3 Rc8 15. Rfd1 Nb6 16. Rac1 Ke7 17. Nd2 Nxd2 18. Rxd2 Nd5 19. Rf1 Rhd8 1/2-1/2

[Event "EU Union-ch U14"]
[Site "Kouty nad Desnou"]
[Date "2017.08.24"]
[Round "6"]
[White "Ravlusevic, Evelina"]
[Black "Bitkova, Jelizaveta"]
[Result "1-0"]
[WhiteElo "1612"]
[BlackElo "1494"]
[PlyCount "69"]
[EventDate "2017.08.19"]
[EventType "swiss"]
[EventRounds "9"]
[EventCountry "CZE"]
[SourceTitle "CBM 180 Extra"]
[Source "ChessBase"]
[SourceDate "2017.10.06"]
[SourceVersion "1"]
[SourceVersionDate "2017.10.06"]
[SourceQuality "1"]

1. d4 d5 2. c4 e6 3. Nc3 Nf6 4. Nf3 Be7 5. Bf4 0-0 6. e3 Nbd7 7. Bd3 dxc4 8. Bxc4 Nb6 9. Bd3 c6 10. 0-0 Nbd5 11. Be5 Nd7 12. Bg3 f5 13. Nxd5 exd5 14. Qc2 Nb6 15. Ne5 Be6 16. Rac1 Nd7 17. a3 a5 18. Qb3 Qb6 19. Qxb6 Nxb6 20. Nxc6 bxc6 21. Rxc6 Bd7 22. Rxb6 Rfe8 23. Be5 Bd8 24. Rb7 Re7 25. Rc1 g6 26. g3 Rf7 27. Bb5 Be6 28. Rxf7 Kxf7 29. Rc3 Bb6 30. Bc6 Rc8 31. Kf1 Ke7 32. Ke2 Bd7 33. Bxd5 Rxc3 34. bxc3 a4 35. Kd3 1-0

[Event "EST-chW/U20 Girls"]
[Site "Tallinn"]
[Date "2017.08.01"]
[Round "1"]
[White "Narva, Mai"]
[Black "Bitkova, Jelizaveta"]
[Result "1-0"]
[WhiteElo "2210"]
[BlackElo "1494"]
[PlyCount "61"]
[EventDate "2017.08.01"]
[EventType "tourn"]
[EventRounds "7"]
[EventCountry "EST"]
[SourceTitle "CBM 180 Extra"]
[Source "ChessBase"]
[SourceDate "2017.10.06"]
[SourceVersion "1"]
[SourceVersionDate "2017.10.06"]
[SourceQuality "1"]

1. e4 c5 2. Nf3 Nc6 3. d4 cxd4 4. Nxd4 Nf6 5. Nc3 d6 6. Bg5 a6 7. Qd2 e5 8. Nb3 Be6 9. f3 h6 10. Be3 d5 11. exd5 Nxd5 12. Nxd5 Qxd5 13. Qf2 Qd8 14. Rd1 Qf6 15. Bd3 g6 16. 0-0 Rd8 17. Be4 Bd6 18. Nc5 Bxc5 19. Bxc5 Bf5 20. Bd5 Rd7 21. Qe3 Ne7 22. Bb3 g5 23. Rxd7 Bxd7 24. Re1 Nc6 25. Bd5 Be6 26. Bxc6+ bxc6 27. Qd3 Bf5 28. Qxa6 Qe6 29. Qa8+ Qc8 30. Rxe5+ Kd8 31. Bb6+ 1-0

[Event "Wch U14 Girls"]
[Site "Khanty-Mansiysk"]
[Date "2016.09.26"]
[Round "5"]
[White "Akulova, Alicia"]
[Black "Bitkova, Jelizaveta"]
[Result "1-0"]
[WhiteElo "1563"]
[BlackElo "1415"]
[PlyCount "95"]
[EventDate "2016.09.22"]
[EventType "swiss"]
[EventRounds "11"]
[EventCountry "RUS"]
[SourceTitle "EXT 2017"]
[Source "ChessBase"]
[SourceDate "2016.10.25"]
[SourceVersion "1"]
[SourceVersionDate "2016.10.25"]
[SourceQuality "1"]

1. e4 e6 2. d4 d5 3. Nc3 Nf6 4. Bg5 Be7 5. e5 Nfd7 6. h4 h6 7. Qh5 g6 8. Bxe7 Qxe7 9. Qe2 Qb4 10. 0-0-0 Nc6 11. Qe3 Na5 12. h5 g5 13. f4 Nb6 14. b3 gxf4 15. Qf3 Nc6 16. Nb5 Kd8 17. Qxf4 Qe7 18. Rh3 a6 19. Nc3 Bd7 20. Rf3 Be8 21. Be2 Nd7 22. Nh3 a5 23. Kb1 Qb4 24. g4 a4 25. Nb5 Qa5 26. Qd2 axb3 27. Qxa5 bxc2+ 28. Kxc2 Rxa5 29. Kb3 Nb6 30. g5 hxg5 31. Nxg5 Rxh5 32. Nxf7+ Bxf7 33. Rxf7 Rh3+ 34. Kb2 Nd7 35. Rg1 Rh8 36. Rgg7 Nf8 37. Nxc7 Nxd4 38. Bg4 Rc5 39. Ka3 Rc4 40. Re7 Ng6 41. Nxe6+ Nxe6 42. Rd7+ Ke8 43. Bxe6 Nxe5 44. Rxd5 Nc6 45. Rxb7 Rc2 46. Bd7+ Kf8 47. Bxc6 Rxc6 48. Rd8# 1-0

[Event "EU Union-ch U14 14th"]
[Site "Mureck"]
[Date "2016.08.09"]
[Round "7"]
[White "Derevjanko, Dmitri"]
[Black "Bitkova, Jelizaveta"]
[Result "1/2-1/2"]
[WhiteElo "1543"]
[BlackElo "1433"]
[PlyCount "27"]
[EventDate "2016.08.03"]
[EventType "swiss"]
[EventRounds "9"]
[EventCountry "AUT"]
[SourceTitle "CBM 174 Extra"]
[Source "ChessBase"]
[SourceDate "2016.10.10"]
[SourceVersion "1"]
[SourceVersionDate "2016.10.10"]
[SourceQuality "1"]

1. b3 Nf6 2. Bb2 d6 3. e3 g6 4. Be2 Bg7 5. f4 0-0 6. Nf3 Nbd7 7. 0-0 b6 8. Nd4 Bb7 9. Bf3 d5 10. Nc3 c5 11. Nde2 e5 12. g3 e4 13. Bg2 Re8 14. h3 1/2-1/2

[Event "EU-ch U14 Girls 25th"]
[Site "Porec"]
[Date "2015.09.27"]
[Round "6"]
[White "Bitkova, Jelizaveta"]
[Black "Kostecka, Marika"]
[Result "0-1"]
[WhiteElo "1282"]
[BlackElo "1696"]
[PlyCount "72"]
[EventDate "2015.09.21"]
[EventType "swiss"]
[EventRounds "9"]
[EventCountry "CRO"]
[SourceTitle "EXT 2016"]
[Source "ChessBase"]
[SourceDate "2015.10.08"]
[SourceVersion "1"]
[SourceVersionDate "2015.10.08"]
[SourceQuality "1"]

1. d4 Nf6 2. c4 c5 3. d5 b5 4. cxb5 a6 5. Nc3 axb5 6. Nxb5 Ba6 7. Nc3 d6 8. g3 g6 9. Bg2 Bg7 10. Nf3 0-0 11. 0-0 Nbd7 12. Re1 Qc7 13. e4 Ng4 14. h3 Nge5 15. Bf1 Rfb8 16. Bxa6 Rxa6 17. Nxe5 Nxe5 18. f4 Nd7 19. Qc2 Nb6 20. b3 c4 21. Bb2 cxb3 22. axb3 Rxa1 23. Bxa1 Rc8 24. Rc1 Qc5+ 25. Kg2 Qb4 26. Qd3 Qxb3 27. Rb1 Qa3 28. Rxb6 Qxa1 29. Rc6 Rb8 30. Ne2 h5 31. Rc7 Bf6 32. e5 dxe5 33. fxe5 Qxe5 34. Rc2 Qd6 35. Qd2 Ra8 36. Nf4 Bg5 0-1

[Event "EU Union-ch U12"]
[Site "Kouty nad Desnou"]
[Date "2015.08.26"]
[Round "8"]
[White "Bitkova, Jelizaveta"]
[Black "Juhasz, Judit"]
[Result "0-1"]
[WhiteElo "1304"]
[BlackElo "1733"]
[PlyCount "118"]
[EventDate "2015.08.19"]
[EventType "swiss"]
[EventRounds "9"]
[EventCountry "CZE"]
[SourceTitle "EXT 2016"]
[Source "ChessBase"]
[SourceDate "2015.10.08"]
[SourceVersion "1"]
[SourceVersionDate "2015.10.08"]
[SourceQuality "1"]

1. d4 d5 2. c4 e6 3. Nc3 Nf6 4. Bg5 Bb4 5. a3 Bxc3+ 6. bxc3 Nbd7 7. e3 0-0 8. Nf3 h6 9. Bh4 c5 10. Bd3 Qa5 11. Qb3 a6 12. 0-0 b5 13. Qc2 bxc4 14. Be2 Ne4 15. Rfc1 Bb7 16. Nd2 Nxd2 17. Qxd2 Bc6 18. Bd1 Rfb8 19. Bg3 Rb7 20. f3 f6 21. Bc2 Rb2 22. Bh7+ Kxh7 23. Qxb2 e5 24. Qd2 Rb8 25. Qc2+ g6 26. Rcb1 Rxb1+ 27. Rxb1 Qxa3 28. Qb2 Qa4 29. Ra1 Qb3 30. Rb1 Qxb2 31. Rxb2 cxd4 32. exd4 exd4 33. cxd4 Kg7 34. Kf1 Bb5 35. Ke1 Nb6 36. Kd1 Na4 37. Rc2 Nb6 38. Kc1 Ba4 39. Rb2 Bb3 40. Be1 Kf7 41. Rb1 Na4 42. Bd2 h5 43. Be1 Ke6 44. g4 f5 45. g5 Kd7 46. Ra1 Kc6 47. Kb1 Kb5 48. f4 c3 49. Ra3 Kc4 50. Bf2 c2+ 51. Kc1 Nc3 52. Kb2 Nd1+ 53. Kc1 Nxf2 54. Ra1 Nd3+ 55. Kd2 c1Q+ 56. Rxc1+ Nxc1 57. Kxc1 Kxd4 58. Kd2 a5 59. h4 a4 0-1